Central Library OPAC University of Rajshahi

Introduction to political science / (Record no. 35661)

MARC details
000 -LEADER
fixed length control field 00744cam a22002531 4500
001 - CONTROL NUMBER
control field 35661
003 - CONTROL NUMBER IDENTIFIER
rucl marc code BD-RjUL
005 - DATE AND TIME OF LATEST TRANSACTION
control field 20211209052347.0
008 - FIXED-LENGTH DATA ELEMENTS--GENERAL INFORMATION
fixed length control field 140529s1958 uk 000 0 eng
035 ## - SYSTEM CONTROL NUMBER
System control number (BD-RjUL)
System control number (OCoLC)875857
040 ## - CATALOGING SOURCE
Original cataloging agency DLC
Transcribing agency MWH
Modifying agency Uk
-- OCoLC
-- DLC
Language of cataloging eng
041 ## - LANGUAGE CODE
Language code of text/sound track or separate title eng
082 ## - DEWEY DECIMAL CLASSIFICATION NUMBER
Classification number 320
Author mark and year DII 1958
100 1# - MAIN ENTRY--PERSONAL NAME
Personal name Dillon, Conley Hall,
Dates associated with a name 1906-
9 (RLIN) 8632
245 00 - TITLE STATEMENT
Title Introduction to political science /
Statement of responsibility, etc. Conley H. Dillon, Carl Leiden [and] Paul D. Stewart.
260 ## - PUBLICATION, DISTRIBUTION, ETC. (IMPRINT)
Place of publication, distribution, etc. Princeton, N.J.,
Name of publisher, distributor, etc. Van Nostrand ,
Date of publication, distribution, etc. 1958
300 ## - PHYSICAL DESCRIPTION
Pagination 298p. ;
Size 24cm.
490 0# - SERIES STATEMENT
Series statement Van Nostrand political science series
650 #0 - SUBJECT ADDED ENTRY--TOPICAL TERM
Topical term or geographic name as entry element Political science
9 (RLIN) 108572
942 ## - ADDED ENTRY ELEMENTS (KOHA)
Source of classification or shelving scheme Dewey Decimal Classification
Koha item type Books
Holdings
Lost status Source of classification or shelving scheme Damaged status Not for loan Collection code Permanent Location Current Location Shelving location Date acquired Source of acquisition Cost, normal purchase price Total Checkouts Full call number Date last seen Copy number Koha item type Date checked out
  Dewey Decimal Classification     Non-fiction Central Library, University of Rajshahi Central Library, University of Rajshahi   11/09/1963 zeetlinger 38.00   320 DII 1958 29/05/2014 C-2 Books  
  Dewey Decimal Classification   Not For Loan Non-fiction Central Library, University of Rajshahi Central Library, University of Rajshahi Reading Room 11/09/1968 zeetlinger 38.00   320 DII 1958 29/05/2014 C-1 Books  
  Dewey Decimal Classification     Non-fiction Central Library, University of Rajshahi Central Library, University of Rajshahi   05/07/1976 USIS   3 320 DII 1958 26/12/2019 C-7 Books 19/12/2019
  Dewey Decimal Classification     Non-fiction Central Library, University of Rajshahi Central Library, University of Rajshahi   12/01/1965 Zeitlinger 38.00   320 DII 1958 09/06/2014 C-4 Books